| 000 | 00384nam a2200145Ia 4500 | ||
|---|---|---|---|
| 008 | 230917s9999||||xx |||||||||||||| ||und|| | ||
| 040 |
_e125551 _aMAIN |
||
| 041 | _aEnglish | ||
| 082 | _a784.4 S64B | ||
| 100 | _aSingh, Sanjay Kumar | ||
| 245 | 0 | _aBhojpuri lok sanskriti avam Hindustani sangeet | |
| 260 |
_aNew Delhi _bKanishka Publishers _c2010 |
||
| 300 | _a361 p. | ||
| 942 | _cBK | ||
| 999 |
_c148196 _d148196 |
||